Largest Cities In Connecticut - Statistics

General Stats
  • This quiz has been taken 6 times
  • The average score is 13 of 20
Answer Stats
Rank Population City % Correct
4 123,628 Hartford
100%
2 130,529 New Haven
100%
1 146,417 Bridgeport
83%
3 129,026 Stamford
83%
13 60,308 Bristol
67%
7 84,479 Danbury
67%
19 50,453 East Hartford
67%
11 61,598 Fairfield
67%
10 62,574 Greenwich
67%
6 88,436 Norwalk
67%
5 108,672 Waterbury
67%
16 54,918 West Haven
67%
14 59,864 Meriden
50%
20 46,473 Middletown
50%
17 54,047 Milford
50%
8 72,839 New Britain
50%
18 52,279 Stratford
50%
9 63,127 West Hartford
50%
12 61,206 Hamden
33%
15 57,955 Manchester
33%
No matching quizzes found
Score Distribution
Percent of People with Each Score
Percentile by Number Answered
Your Score History
You have not taken this quiz